P!nk's Billboard Hot 100 History - Statistics

General Stats
  • This quiz has been taken 14 times
  • The average score is 18 of 36
Answer Stats
Peak Position Song Weeks On Chart Debut Date % Correct
#5 Blow Me (One Last Kiss) 27 July 21st 2012
85%
#8 Just Like A Pill 20 July 6th 2002
85%
#1 So What 31 September 6th 2008
85%
#1 Just Give Me A Reason 36 March 2nd 2013
77%
#13 Stupid Girls 16 February 25th 2006
77%
#9 U + Ur Hand 33 January 13th 2007
77%
#9 Who Knew 36 April 7th 2007
77%
#4 Get The Party Started 24 October 27th 2001
69%
#13 What About Us 22 August 26th 2017
69%
#8 Don't Let Me Get Me 21 March 9th 2002
62%
#20 Family Portrait 20 November 16th 2002
62%
#44 Funhouse 13 October 10th 2009
62%
#10 Just Like Fire 26 May 7th 2016
62%
#9 Try 24 October 6th 2012
62%
#2 Fuckin' Perfect 30 January 1st 2011
54%
#1 Lady Marmalade 20 April 14th 2001
54%
#1 Raise Your Glass 30 October 23rd 2010
54%
#15 Sober 25 December 13th 2008
54%
#68 Trouble 4 October 18th 2003
54%
#82 Trustfall 4 March 4th 2023
54%
#78 Beautiful Trauma 15 December 9th 2017
46%
#17 Please Don't Leave Me 26 May 2nd 2009
46%
#7 There You Go 32 March 4th 2000
46%
#49 Walk Me Home 20 March 9th 2019
46%
#33 You Make Me Sick 19 January 6th 2001
46%
#18 Glitter In The Air 18 February 20th 2010
38%
#4 Most Girls 27 August 12th 2000
38%
#99 Never Gonna Not Dance Again 2 February 11th 2023
38%
#60 Feel Good Time 5 June 28th 2003
23%
#53 True Love 14 August 17th 2013
23%
#96 Love Me Anyway 1 May 11th 2019
15%
#74 All I Know So Far 5 May 22nd 2021
8%
#90 A Million Dreams 1 November 10th 2018
8%
#52 One Too Many 34 October 3rd 2020
0%
#29 Setting The World On Fire 20 August 20th 2016
0%
#62 Won't Back Down 1 July 10th 2010
0%
No matching quizzes found
Score Distribution
Percent of People with Each Score
Percentile by Number Answered
Your Score History
You have not taken this quiz